| 000 | 00641nam a2200205 a 4500 | ||
|---|---|---|---|
| 005 | 20240925065111.0 | ||
| 008 | 140217s2012 mx r 000 0 spa d | ||
| 020 | _a9788433025609 | ||
| 035 | _aUPN01000195918 | ||
| 049 | _aCG | ||
| 050 | 4 |
_aBF149 _bP7.3 |
|
| 245 | 0 | 0 |
_aPsicología : _bindividuo y medio social / _ced. María Luisa Sanz de Acedo Lizarraga. |
| 260 |
_aBilbao, Esp. : _bDesclée de Brouwer, _c2012. |
||
| 300 |
_a551 p. : _bil., cuadros |
||
| 440 | 0 |
_aBiblioteca de psicología ; _v175 |
|
| 650 | 4 |
_aPsicología _938 |
|
| 700 | 1 |
_aSanz de Acedo Lizárraga, María Luisa, _eed. _931249 |
|
| 905 | _aLibro | ||
| 999 |
_c168019 _d168019 |
||